000 00846nam a2200265Ia 4500
003 GCL
008 140319s9999 xx 000 0 eng d
040 _aGCL /
_cGCL
082 0 4 _a918
_bC L
100 1 _aCLAWSON, DAVID L
245 1 0 _aLATIN AMERICA AND THE CARIBBEAN BOOKS AND POEPLE /
_cCLAWSON, DAVID L
260 _a[S.N] :
_bBROWN & BENCHMARK ،
_c1997
300 _a382 P
650 0 4 _aLATIN AMERICA - DESCRIPTION
650 0 4 _aLATIN AMERICA - TRAVELS
650 0 4 _aLATIN AMERICA - ECONOMIC CONDITION
650 0 4 _aCARIBBEAN AREA - DESCRIPTION
650 0 4 _aCARIBBEAN AREA - TRAVEL
650 0 4 _aCARIBBEAN AREA - ECONOMIC CONDITION
650 0 4 _aHUMAN GEOGRAPHY-LATIN AMERICA
650 0 4 _aHUMAN GEOGRAPHY-CARIBBEAN AREA
650 0 4 _aLATIN AMERICA - GEOGRAPHY
650 0 4 _aCARIBBEAN AREA - GEOGRAPHY
942 _2ddc
_cBK
999 _c14886
_d14886